Cartes Pokémon - Extensions du bloc Noir & Blanc - Statistiques

Statistiques générales
  • Ce quiz a été pris 8 fois
  • Le résultat moyen est 9 sur 12
Statistiques - réponses
Date de sortie Extension % Correct
25 mai 2011 Noir & Blanc
100%
29 septembre 2012 Coffre des Dragons
88%
21 août 2013 Noir & Blanc Glaciation Plasma
88%
08 mai 2013 Noir & Blanc Tempête Plasma
88%
14 janvier 2012 Noir & Blanc Nobles Victoires
75%
25 août 2012 Noir & Blanc Explorateurs Obscurs
63%
06 novembre 2013 Noir & Blanc Explosion Plasma
63%
16 février 2013 Noir & Blanc Frontières Franchies
63%
28 septembre 2011 Noir & Blanc Pouvoirs Émergents
63%
06 novembre 2013 (USA) Noir & Blanc Trésors Légendaires
63%
24 mars 2012 Noir & Blanc Destinées Futures
50%
10 novembre 2012 Noir & Blanc Dragons Exaltés
50%
Aucun quiz correspondant
Distribution des résultats
% des personnes avec chaque résultat
Percentile par nombre de réponses
Votre historique - résultats
Vous n’avez pas pris ce quiz